000 00327nam a22001457a 4500
008 210519b ||||| |||| 00| 0 eng d
020 _a0394423909
041 _aeng
080 _a330.322
082 _a330.322
100 _a62
101 _aINV
245 _aContrarian Investment Strategy
_cDavid Dreman
942 _2udc
_cBK
999 _c57478
_d57478